000 00412nam a2200181Ia 4500
005 20250603145938.0
008 250603s9999 xx 000 0 und d
020 _a9785010879
050 _aPR 9387 .F35/
100 _aFakeye, Bolaji
245 4 _aThe virtuous woman of langbasa
260 _aLagos
260 _bApex Book Limited
260 _c2011
300 _a115 p
650 _aLagos
942 _cBK
999 _c43323
_d43323